000 01809nam a2200241 a 4500
001 BRCA_8928
005 20190320210448.0
008 290617s1730----sp-#######---#000-0#spa-#
041 _aspa
044 _asp
084 _aLE13
_b.A44 1730
100 1 _aAlexandro de San Antonio
_922193
245 1 0 _aSermones varios, que a diferentes assumptos
_cpredicado por el R.P.M. Fr. Alexandro de San Antonio; tomo segundo; dedícale al espíritu santo, para quien sirve de dedicatoria el sermón primero.
260 _aMadrid
_bEn la Imprenta del Convento de la Merced
_c1730
300 _a[22], 627 p. (t.2)
_c20.8 x 16 cm
500 _aCon licencia
500 _aEstado físico: presenta encuadernación en pergamino con cintas rotas
500 _aCon marca de fuego: “Procedencia de la marca: Convento de San Francisco Santa María del Pueblito de Querétaro(1). Institución: Orden de Frailes Menores. Provincia de San Pedro y San Pablo de Michoacán. Descripción: Monograma conformado por las iniciales “P”, “u”, “E” seguidas de “b”, “I”, “T” y “o” que se desata como Pueblito(2) dentro de un filete en forma de rombo. Observaciones: Krausse la incluye entre las marcas no identificadas. David Saavedra la identifica como del Convento Franciscano de Santa María del Pueblito, Villa Corregidora de Querétaro. Con el testimonio de pertenencia ubicado en este ejemplar se corrobora la atribución realizada por David Saavedra. Ubicación de la marca en el libro: Canto superior, inferior y lateral”
650 1 4 _aSermones
_yObras anteriores a 1800
_921369
856 _ahttp://www.marcasdefuego.buap.mx:8180/xmLibris/projects/firebrand/item.jsp?repository=marcas_de_fuego&key=marcas_de_fuego_franciscanas_20150618135223_2ccc.xml&num=124
902 _aCFM
942 _2lcc
_cB
999 _c8579
_d8579